| 000 | 00495nam a2200181Ia 4500 | ||
|---|---|---|---|
| 008 | 220214s9999 xx 000 0 und d | ||
| 100 | _aKush Anil | ||
| 245 | 0 | _aIsoprenoid biosynthesis: The Hevea factory | |
| 260 |
_bPlant Physiology and Biochemistry _c1994 |
||
| 300 | _a761-767 | ||
| 650 | _aEthephon | ||
| 650 | _aHevea brasiliensis | ||
| 650 | _aIsoprenoids | ||
| 650 | _aNatural rubber | ||
| 650 | _aSignal transduction | ||
| 650 | _aTissue specific gene expression | ||
| 942 | _cRE | ||
| 999 |
_c45468 _d45468 |
||